000 00339nam a22001457a 4500
008 230320b ||||| |||| 00| 0 eng d
020 _a0321524047
041 _aeng
080 _2NINTH EDITION
_a616.73
082 _a616.73KLU
100 _a12
101 _aGJENETIK
245 _aCONCEPTS OF GENETICS
_cKLUG CUMMINGS
942 _2udc
_cBK
999 _c59397
_d59397